| 000 | 01109nam2a22002411 4500 | ||
|---|---|---|---|
| 001 | rc\1166035 | ||
| 005 | 20250622214132.0 | ||
| 035 | _a(NLR Aleph) 006431427 | ||
| 090 |
_a5551544 _c5551544 |
||
| 100 | _a20041129d1980 |||y0rusy50 ca | ||
| 101 | 0 | _arus | |
| 102 | _aRU | ||
| 105 | _aa ||||||||| | ||
| 200 | 0 | _aЧ. 1 | |
| 210 |
_d1980 _aБ. м. |
||
| 215 |
_a80 с. _cил. |
||
| 320 | _aБиблиогр.: с. 79 (7 назв.) | ||
| 461 | 0 |
_1001rc\1166034 _12001#$aТеоретические основы построения технических чертежей$eУчеб. пособие$f[Апухтин В.М., Ванюшина Т.М., Лагутик О.Т. и др.]$gПод общ. ред. Апухтина В.М.$vЧ. 1 _95551538 _cХарьков _d1980- _f[Апухтин В.М., Ванюшина Т.М., Лагутик О.Т. и др.] _nХПТИ _oУчеб. пособие _tТеоретические основы построения технических чертежей _vЧ. 1 |
|
| 801 | 0 |
_aRU _bNLR _gpsbo |
|
| 801 | 1 |
_aRU _bELAR _2rusmarc |
|
| 852 |
_aNLR _j81-4/16619 |
||
| 942 | _cBOOK | ||
| 980 | _aNB | ||